000 00301nam a2200109 4500
008 180215b xxu||||| |||| 00| 0 eng d
245 _aDiabetics need to get off their chairs.
260 _aPhilippines
_bThe Philippine Star
_cc2017
300 _apage 19.
650 0 _926552
_aDiabetes.
942 _2ddc
_cPER
999 _c8679
_d8679